[Event "POL-chT U19 Wielkopolskie"]
[Site "Poland"]
[Date "2016.04.02"]
[Round "7.28"]
[White "Grabsztunowicz, Agnieszka"]
[Black "Lepski, Maksymilian"]
[Result "0-1"]
[WhiteElo "1009"]
[BlackElo "1411"]
[PlyCount "106"]
[EventDate "2016.02.13"]
[EventType "team-tourn"]
[EventRounds "9"]
[EventCountry "POL"]
[SourceTitle "EXT 2019"]
[Source "ChessBase"]
[SourceDate "2018.10.10"]
[SourceVersion "1"]
[SourceVersionDate "2018.10.10"]
[SourceQuality "1"]

1. e4 c5 2. Nf3 d6 3. Nc3 Nf6 4. Bc4 Nc6 5. d3 e6 6. Bg5 Be7 7. 0-0 0-0 8. Bb3 a6 9. Qe2 Qc7 10. a3 b5 11. h3 Bb7 12. Rab1 Rac8 13. Ba2 Rfd8 14. Rfd1 Nd4 15. Qe3 Nxc2 16. Qd2 Nd4 17. Nxd4 cxd4 18. Ne2 Qb6 19. b4 Rc6 20. Qb2 h6 21. Bh4 Rdc8 22. Nxd4 Rc3 23. Nf3 Rc2 24. Qa1 Nxe4 25. Qd4 Qxd4 26. Nxd4 Rxa2 27. Bxe7 Nc3 28. Ra1 Rxa1 29. Rxa1 d5 30. Rc1 e5 31. Kf1 exd4 32. Bc5 Na4 33. Ke1 Kh7 34. Kd2 Nxc5 35. bxc5 Kg6 36. Ke2 a5 37. f4 Bc6 38. g3 Re8+ 39. Kf2 Re3 40. Rd1 h5 41. h4 Kf5 42. Rd2 Kg4 43. Rd1 Rxg3 44. Rg1 Rxg1 45. Kxg1 b4 46. axb4 axb4 47. Kg2 b3 48. Kf2 b2 49. Ke2 b1Q 50. Kf2 Qd1 51. Kg2 Qe2+ 52. Kg1 Kg3 53. Kh1 Qg2# 0-1